|
|
|
|
| LEADER |
00952aam a22002418a 4500 |
| 001 |
00028070 |
| 005 |
20171026081022.0 |
| 008 |
111223s2010 ||||||viesd |
| 020 |
|
|
|c 275000
|
| 041 |
0 |
# |
|a vie
|
| 082 |
1 |
4 |
|a 347.597
|b T527T
|
| 100 |
1 |
# |
|a Đỗ, Văn Đại
|
| 245 |
1 |
0 |
|a Tuyển tập các bản án, quyết định của tòa án Việt Nam về trọng tài thương mại
|c Đỗ Văn Đại, Trần Hoàng Hải
|
| 260 |
# |
# |
|a Hà Nội
|b Lao động
|c 2010
|
| 300 |
# |
# |
|a 359tr.
|c 28cm
|
| 650 |
# |
4 |
|a Quyết định của tòa án
|z Việt Nam
|
| 650 |
# |
4 |
|a Trọng tài thương mại
|z Việt Nam
|
| 700 |
1 |
# |
|a Trần, Hoàng Hải
|
| 710 |
2 |
# |
|a Trường Đại học Luật thành phổ Hồ Chí Minh
|
| 852 |
# |
# |
|b Kho đọc
|j KD.0012432
|
| 852 |
# |
# |
|j KD.0012432
|
| 910 |
|
|
|d 23/12/2011
|
| 980 |
# |
# |
|a Trung tâm Học liệu Lê Vũ Hùng, Trường Đại học Đồng Tháp
|